Multi component electro-hydrodyanamic flows: A hybrid lattice boltzmann method based numerical study/ (Record no. 14495)

MARC details
000 -LEADER
fixed length control field 00681nam a2200205 4500
001 - CONTROL NUMBER
control field PHD306
003 - CONTROL NUMBER IDENTIFIER
control field IN-BhIIT
005 - DATE AND TIME OF LATEST TRANSACTION
control field 20241118190313.0
008 - FIXED-LENGTH DATA ELEMENTS--GENERAL INFORMATION
fixed length control field 241118b |||||||| |||| 00| 0 eng d
040 ## - CATALOGING SOURCE
Original cataloging agency IN-BhIIT
041 ## - LANGUAGE CODE
Language code of text eng
082 ## - DEWEY DECIMAL CLASSIFICATION NUMBER
Classification number 621.31
Book number BAS/M
100 ## - MAIN ENTRY--RESEARCHER NAME
Researcher name Basu, Himadri Sekhar
Relator term Author
245 ## - TITLE STATEMENT
Title Multi component electro-hydrodyanamic flows: A hybrid lattice boltzmann method based numerical study/
Statement of responsibility, etc by Himadri Sekhar Basu
260 ## - PUBLICATION, DISTRIBUTION, ETC. (IMPRINT)
Place of publication Bhubaneswar :
Name of publisher IIT Bhubaneswar,
Year of publication 2024.
300 ## - PHYSICAL DESCRIPTION
Number of Pages xxxii,156p. :
Other physical details ill. ;
Dimensions 28 cm.
504 ## - BIBLIOGRAPHY, INDEX, ETC.
Bibliography, etc. Includes bibliographical references and index.
700 ## - ADDED ENTRY--GUIDE NAME
Guide name Kondaraju, Sasidhar
Relator term Guide
942 ## - ADDED ENTRY ELEMENTS (KOHA)
Koha item type PhD Thesis
Holdings
Withdrawn status Lost status Damaged status Not for loan Home library Current library Date acquired Full call number Accession Number Price effective from Koha item type
Not withdrawn Not Lost not damaged   Central Library, IIT Bhubaneswar Central Library, IIT Bhubaneswar 18/11/2024 621.31 BAS/M PHD306 18/11/2024 PhD Thesis

Central Library, Indian Institute of Technology Bhubaneswar, 4th Floor, Administrative Building, Argul, Khordha, PIN-752050, Odisha, India
Phone: +91-674-7138750 | Email: circulation.library@iitbbs.ac.in (For circulation related queries),
Email: info.library@iitbbs.ac.in (For other queries)